Stolicę Ameryki Północnej - Statystyki

Ogólne statystyki
  • Ten quiz został rozwiązany 47 razy
  • Średni wynik to 17 z 25
Statystyki odpowiedzi
Hint Odpowiedź % Poprawnych
Kuba Hawana
95%
Stany Zjednoczone Ameryki Waszyngton
95%
Meksyk Meksyk
91%
Kanada Ottawa
91%
Gwatemala Gwatemala
82%
Panama Panama
82%
Jamajka Kingston
77%
Saint Vincent i Grenadyny Kingstown
77%
Salwador San Salvador
77%
Dominikana Santo Domingo
77%
Kostaryka San José
73%
Haiti Port-au-Prince
68%
Belize Belmopan
64%
Nikaragua Managua
64%
Trynidad i Tobago Port-of-Spain
64%
Honduras Tegucigalpa
64%
Saint Kitts i Nevis Basseterre
59%
Saint Lucia Castries
59%
Bahamy Nassau
59%
Antigua i Barbuda Saint John’s
59%
Dominika Roseau
55%
Barbados Bridgetown
50%
Grenada Saint George’s
50%
Grenlandia Nuuk
32%
Portoryko San Juan
23%
Nie znaleziono quizów pasujących do podanych kryteriów
Rozkład punktacji
Procent ludzi z każdym wynikiem
Percentyl według liczby udzielonych odpowiedzi
Twoja historia wyników
Nie rozwiązałeś tego quizu